000 00785nas a2200265 4500
001 BR0800950
003 BR-BrBNA
005 20231205111718.0
007 ta
008 230509b bl.|||p| |||| 00| 00por d
040 _aBR-BrBNA
_bpor
_cBiblioteca Nacional de Agricultura
041 _a(Pt)
072 _aL70
100 1 _aSilva, M.R. da
100 1 _aAleixo, G.A. de S.
100 1 _aSá, F.B. de
100 1 _aCoelho, M.C. de O. C.
245 1 _aRedução de fenda palatina secundária em um gato
_bRelato de Caso
650 _aCIRURGIA
650 _aBOCA
650 _aGATO
773 0 _tCiência Veterinária nos Trópicos (Brazil)
_xISSN 1415-6326
_g(May-Dec 2006), v. 9(2-3) p. 97-101
_wBR0800950
909 _a202311
_bLúcia
_c55
_dLúcia Elande
942 _2AGRIS
_n0
_cANA
999 _c194091
_d194091